The Concord quartet : Alcott, Emerson, Hawthorne, Thoreau, and the friendship that freed the American mind

"Beginning in the 1830s, coincidences that seem almost miraculous in retrospect brought together in Concord as friends and neighbors four men of very different temperaments and talents who shared the same conviction that the soul had 'inherent power to grasp the truth' and that the tr...

Volledige beschrijving

Bewaard in:
Bibliografische gegevens
Hoofdauteur: Schreiner, Samuel Agnew
Formaat: Boek
Taal:Undetermined
Gepubliceerd in: Hoboken, N.J. John Wiley & Sons 2006
Onderwerpen:
Tags: Voeg label toe
Geen labels, Wees de eerste die dit record labelt!
Thư viện lưu trữ: Trung tâm Học liệu Trường Đại học Cần Thơ
LEADER 01617nam a2200241Ia 4500
001 CTU_165952
008 210402s9999 xx 000 0 und d
020 |c 24.95 
082 |a 810.9003 
082 |b S378 
100 |a Schreiner, Samuel Agnew 
245 4 |a The Concord quartet : 
245 0 |b Alcott, Emerson, Hawthorne, Thoreau, and the friendship that freed the American mind 
245 0 |c Samuel A. Schreiner, Jr. 
260 |a Hoboken, N.J. 
260 |b John Wiley & Sons 
260 |c 2006 
520 |a "Beginning in the 1830s, coincidences that seem almost miraculous in retrospect brought together in Concord as friends and neighbors four men of very different temperaments and talents who shared the same conviction that the soul had 'inherent power to grasp the truth' and that the truth would make men free of old constraints on thought and behavior. In addition to Emerson, a philosopher, there was Amos Bronson Alcott, an educator; Henry David Thoreau, a naturalist and rebel; and Nathaniel Hawthorne, a novelist. This book is the story of that unique and influential friendship in action, of the lives the friends led, and their work that resulted in an enduring change in their nation's direction." --From the Prologue 
650 |a Authors, American,Transcendentalists (New England),Literary landmarks,Tác giả ngừời Mỹ,Người theo thuyết tiên nghiệm,Các điểm mốc văn học 
650 |y 19th century,Thế kỷ 19 
650 |z Massachusetts,Massachusetts 
904 |i Phuong, Năm 
980 |a Trung tâm Học liệu Trường Đại học Cần Thơ